Очерки по биологии паукообразных. 1.: Водяные клещи или гидракарины (Hidracarina) (Запись № 13479843)

Подробности
000 -МАРКЕР
контрольное поле 00929nam2a22002051 4500
001 - ИДЕНТИФИКАТОР ЗАПИСИ
контрольное поле RU\NLR\A1SV\39525
005 - ИДЕНТИФИКАТОР ВЕРСИИ
контрольное поле 20251203152403.2
035 ## - ДРУГИЕ СИСТЕМНЫЕ НОМЕРА
Идентификатор записи (NLR Aleph) 009721856
100 ## - ДАННЫЕ ОБЩЕЙ ОБРАБОТКИ
Данные общей обработки 20120222d1923 u y0rusy50 ca
101 0# - ЯЗЫК РЕСУРСА
Язык текста, звукозаписи и т.д. русский
200 1# - ЗАГЛАВИЕ И СВЕДЕНИЯ ОБ ОТВЕТСТВЕННОСТИ
Основное заглавие Водяные клещи или гидракарины (Hidracarina)
215 ## - ФИЗИЧЕСКАЯ ХАРАКТЕРИСТИКА
Специфическое обозначение материала и объем 21 с.
461 #1 - УРОВЕНЬ НАБОРА
Встроенное поле 001RU\NLR\A1SV\39524
-- 2000#$aОчерки по биологии паукообразных$fПроф. И.И.Соколов$v1.
-- 700#1$aСоколов$bИ.И.$cзоолог$f1885-1972$gИван Иванович
Системный номер (АБИС) связанной записи 9876277
Автор Соколов, И. И. (зоолог ; 1885-1972)
Место публикации Пг.
Дата публикации 1923
Первые сведения об ответственности Проф. И.И.Соколов
Имя издателя, распространителя и т.д. Тип. им. Володарского
Заглавие Очерки по биологии паукообразных
Номер тома 1.
801 #0 - ИСТОЧНИК ЗАПИСИ
Страна Российская Федерация
Организация NLR
Дата составления 20120222
852 ## - МЕСТОНАХОЖДЕНИЕ И ШИФР ХРАНЕНИЯ
Идентификатор организации NLR
Шифр хранения (Call Number) 62-8/2637
942 ## - ДОПОЛНИТЕЛЬНЫЕ ЭЛЕМЕНТЫ ЗАПИСИ (АБИС)
Тип экземпляра АБИС Книга
980 ## - КОЛЛЕКЦИЯ
Название коллекции Международный сводный каталог русской книги (1918-1926)
980 ## - КОЛЛЕКЦИЯ
Название коллекции Национальная библиография

Нет доступных экземпляров.